000 00573nam a2200169Ia 4500
008 090201s9999 xx 000 0 und d
010 _aKPL-47412
040 _bमराठी
041 _aमराठी
082 _a50798
_b47412
100 _aरवीन्द्र भट
245 _aसागरा प्राण तळमळला
_cरवीन्द्र भट
260 _c2006
_bइंद्रायणी साहीत्य
300 _a364
_bमोठा
600 _aसागरा प्राण तळमळला
942 _cBOOK
999 _c247318
_d247318